000 00590nam a2200181 a 4500
005 20240507063702.0
008 071008s1975 mx r 000 0 spa d
035 _aUPN01000152669
049 _aCG
050 4 _aBL2610
_bE4.4
100 1 _aEliade, Mircea,
_d1907-1986
_933710
245 1 0 _aIntroducción a las religiones de Australia /
_cMircea Eliade ; tr. Inés Pardal.
260 _aBuenos Aires :
_bAmorrortu,
_c1975 .
300 _a181 p.
440 0 _aBiblioteca de antropología y religión
650 7 _aAborígenes australianos
_xReligión y mitología
_2
_92924
905 _aLibro
999 _c124792
_d124792